000 00705nam a2200205Ii 4500
003 JO-AjNU
008 230605s9999||||xx |||||||||||||| ||und||
017 _a2014/6/2873
040 _aJO-AjNU
_bara
_erda
_cJO-AjNU
041 _aara
050 1 4 _aPJ7505.5 2014
100 3 _aعليان،حسن ؛ محمد عبيد الله ..وأخرون,
_eauthor
_947450
245 0 0 _aناصر الدين الاسد الفكر والمنهج
264 3 1 _aعمان: جامعة فيلادلفيا، 2014
300 _a247ص
336 _atext
_btxt
_2rdacontent
337 _aunmediated
_bn
_2rdamedia
338 _avolume
_bnc
_2rdacarrier
650 4 _aالأدب العربي-التراجم-الأدباء
_947451
999 _aA20715
_c24283
_d24283